000 00222 a2200097 4500
000 nam a22 7a 4500
005 20260302114911.0
100 _aPinker, Stevan
_91120111
245 _aHow the Mind Works
942 _cTEXL
999 _c1684234
_d1684234